00595nam a2200157Ia 4500999001700000082001200017100001300029245010300042260003100145300002100176650003600197650005500233710002400288942001200312952011300324 c17941d17941 aTR.0272 aRaju, S. 0aPersonality characteristics of scheduled caste and scheduled tribe employees in government service c1989bUniversity of Kerala a307p. + C D - 32 aINDIA - OFFICIALS AND EMPLOYEES aSCHEDULED CASTES AND SCHEDULED TRIBES - PSYCHOLOGY aRaj, H. Sam Sananda cTH2ddc 00104070aNASSDOCbNASSDOCd2004-10-08i2008-12-30l0oTR.0272p32836r2019-04-18 00:00:00w2019-04-18yTH